Ministry of Interior: Agencies (Ghana Police Service, Ghana Immigration Service, National Commission on Small Arms & Light Weapons, Gaming Commission of Ghana, Narcotics Control Commission) (2); 2020 Handing Over Notes (Record no. 647)

MARC details
000 -LEADER
fixed length control field 00781nam a2200157Ia 4500
008 - FIXED-LENGTH DATA ELEMENTS--GENERAL INFORMATION
fixed length control field 240428s9999||||xx |||||||||||||| ||und||
041 ## - LANGUAGE CODE
Language code of text/sound track or separate title eng
082 ## - DEWEY DECIMAL CLASSIFICATION NUMBER
Classification number PL/MOIN/GPS/IMS/20
100 ## - MAIN ENTRY--PERSONAL NAME
Personal name - Ministry of Interior
245 #0 - TITLE STATEMENT
Title Ministry of Interior: Agencies (Ghana Police Service, Ghana Immigration Service, National Commission on Small Arms & Light Weapons, Gaming Commission of Ghana, Narcotics Control Commission) (2); 2020 Handing Over Notes
260 ## - PUBLICATION, DISTRIBUTION, ETC.
Name of publisher, distributor, etc. Ministry of Interior
Place of publication, distribution, etc. [Accra] :
Date of publication, distribution, etc. 2020
300 ## - PHYSICAL DESCRIPTION
Extent 667p: tabs.
650 ## - SUBJECT ADDED ENTRY--TOPICAL TERM
Topical term or geographic name entry element Ministry of Interior: 2020 Handing Over Notes - Ghana Police Service - Ghana Immigration Service - National Commission on Small Arms & Light Weapons - Gaming Commission of Ghana - Narcotics Control Commission
942 ## - ADDED ENTRY ELEMENTS (KOHA)
Koha item type Annual Report
Holdings
Withdrawn status Lost status Damaged status Not for loan Home library Current library Shelving location Date acquired Total checkouts Full call number Date last seen Copy number Price effective from Koha item type
        Main Library Main Library Open Shelves 02/02/2022   PL/MOIN/GPS/IMS/20/3 29/04/2024 1 29/04/2024 Annual Report
©2026  Parliament of Ghana Library - All rights reserved